Culture bound : bridging the cultural gap in language teaching
Αποθηκεύτηκε σε:
| Άλλοι συγγραφείς: | |
|---|---|
| Μορφή: | Βιβλίο |
| Γλώσσα: | English |
| Δημοσίευση: |
Cambridge :
Cambridge University Press,
1986
|
| Σειρά: | Cambridge language teaching library
|
| Θέματα: | |
| Ετικέτες: |
Προσθήκη ετικέτας
Δεν υπάρχουν, Καταχωρήστε ετικέτα πρώτοι!
|
MARC
| LEADER | 00000nam a2200000 i 4500 | ||
|---|---|---|---|
| 001 | 1/81088 | ||
| 008 | 980216s1986 eng d | ||
| 020 | |a 0-521-31045-8 | ||
| 035 | |a 1997 |b 3 |c Αγορά/Σκούρτου |l 10033605 | ||
| 040 | |a GR-MY-UA |b gre |e aacr | ||
| 041 | 0 | |a eng | |
| 082 | 0 | |a 418.007 | |
| 245 | 1 | 0 | |a Culture bound : |b bridging the cultural gap in language teaching / |c edited by Joyce Marrill Valdes |
| 260 | |a Cambridge : |b Cambridge University Press, |c 1986 | ||
| 300 | |a 222 p. | ||
| 490 | 1 | |a Cambridge language teaching library | |
| 650 | 0 | 0 | |a Language and languages |x Study and teaching. |
| 650 | 0 | 0 | |a Language and culture. |
| 650 | 0 | 0 | |a Intercultural communication. |
| 700 | 1 | |a Valdes, Joyce Merrill. |4 edt | |
| 830 | 0 | |a Cambridge language teaching library | |
| 852 | |a INST |b RHODES |e 19980216 |h 418.007 CUL |p 005400011164 |q 005400011164 |t BK |y 0 | ||
| 901 | |a BIBL-1998-1 | ||
| 909 | |a Ρ |b 052461 |c 1997 | ||